000 00689nam a2200265 a 4500
999 _c12136
_d12136
001 12136
003 BD-JhCC
005 20220207134017.0
008 210318s2015 ii a|||| |||| 001 0 eng d
020 _a9781259062544
020 _a1259062546
020 _a9789332901360
020 _a9332901368
035 _a(BD-JhCC)12136
040 _aBD-JhCC
_dBD-JhCC
041 _aeng
082 _a541.3
_bMAD 2015
100 _aMadan, R L
245 _aPhysical chemistry /
_cMadan, R L
260 _aNew Delhi :
_bMcGraw Hill,
_c2015
300 _axxiii, 1089 p. :
_bill. ;
_c23 cm.
504 _aIncludes index.
650 _aChemistry, Physical and theoretical
942 _2ddc
_cBK
_01